00550nab a2200181 uc450000100070000000500170000700800410002403500110006503500210007604000130009704100080011010000420011824500370016065000210019765000270021865000210024577301020026620824120240201130055.0980616nuuuuuuuu spa  a208241 a(OCoLC)819763130 ccomduadb aspa10aGuzman de los Santos, Mayra4auteaut10aAl rescate de la dignidad humana aReforma judicial aRepública Dominicana aAmérica Latina0 tPerfiles Liberales (México)gVol. 10, No, 45, Ene-Feb. 1996, p. 40-44w171486z0121389X0179434